Регионална библиотека "Любен Каравелов" - Русе

Транспортно право (Запис номер 34174)

MARC детайли
000 -Лидер
Контролно поле с фиксирана дължина 01515nam a2200361 c 4500
003 - Код на организацията, давaща контролен номер
Контролно поле BLK
005 - Дата и час на последна редакция
Контролно поле 20180422100254.0
008 - Елементи от данни с фиксирана дължина
fixed length control field 180408b bul|||||r ||||||| ||bul||
010 ## - Наследен системен номер
LC control number KNG00036872000
020 ## - Международен стандартен номер на книга ISBN
Международен стандартен номер на книга ISBN 954-8971-34-8
-- издат.: Ромина
040 ## - Източник на каталожния запис
Идентификатор на билиотеката - собственик на записа BLK
041 ## - Код за език
Код за езика на текст/звукозапис или на отделно заглавие Български
Код за езика КДБФ Български
080 ## - УДК
Текстов определител УДК
УДК код - определител по УДК 347.4/.5
УДК определител (497.2)(075.8)
УДК - код + определител 347.4/.5(497.2)(075.8)
080 ## - УДК
Текстов определител УДК Транспорт и пощенски услуги. Организация и контрол на движението
УДК код - определител по УДК 656
УДК определител .000.34(497.2)(075.8)
УДК - код + определител 656.000.34(497.2)(075.8)
100 1# - Редна дума - Автор
Автор Иванов, Иван Владимиров
Авторска отговорност първи автор
R(LIN) 363647
139 ## - Редно поле
Редна дума Иванов, Иван Владимиров
Авторски знак Иванов - И 21
245 10 - Сведения за заглавието
Заглавие Транспортно право
Подзаглавни данни Учебник за студентите от УНСС
Редно поле (дума) Иван Владимиров Иванов; * Иван Владимиров.
250 ## - Област на изданието
Сведения за изданието 3. прераб. и доп. изд.
257 ## - Страна на издаване
Страна на създаване/издаване България
260 ## - Област на издателските данни
-- София
Име на издателя, разпространителя и проч. Ромина
Година на издаване 2001
300 ## - Физическа характеристика
Страници 324 с.
Размери/Мащаб 21 см
380 ## - Жанр
Жанр Обществени науки
650 #4 - Допълнително описание по предмет – тема
Основно описание – тема или топоним Право, транспортно - България - учебници за ВУЗ
9 (RLIN) 260224
653 ## - Ключова дума – ненормативна
Ключова дума право
653 ## - Ключова дума – ненормативна
Ключова дума транспорт
653 ## - Ключова дума – ненормативна
Ключова дума транспортно право
700 1# - Други автори (авторска отговорност)
Лично име Владимиров, Иван
Автороска отговорност (Описва отношението между автора и произведението) *
Друга информация Иванов, Иван Владимиров
9 (RLIN) 363646
852 ## - Местоположение
Форматна сигнатура Цб 209027
856 4# - Електронен адрес и достъп
Електронен формат pdf - файл
Път до файла /url/
856 4# - Електронен адрес и достъп
Електронен формат pdf - файл
Път до файла /url/
942 ## - АРТИКУЛИ
Вид на библиотечния материал Книги
Скрит в OPAC Не
944 ## - СЪЗДАВАНЕ И РЕДАКЦИЯ на ЗАПИСА
Създаване/Редакция Създаване
Дата на регистрацията/редакция 15.01.2003
Служител, извършил регистрацията/редакцията Кети_Илиева
944 ## - СЪЗДАВАНЕ И РЕДАКЦИЯ на ЗАПИСА
Създаване/Редакция Редакция
Дата на регистрацията/редакция 04.01.2013
Служител, извършил регистрацията/редакцията
999 ## - СИСТЕМНИ КОНТРОЛНИ НОМЕРА
Koha biblionumber 34174
Koha biblioitemnumber 34174
Наличности
Код за отписване Код за изгубен артикул Източник на класификационната схема Код за повреда Коз за рестрикции Код за отдаване Артикулен № Име на библиотеката - собственик Име на библиотеката, в която се намира в момента Статус (Текущо местоположение) Дата на вписване в системата Местоположение - отдел Цена в лева Инвентарен номер Систематично азбучна сигнатура Баркод Номер на екземпляра Цена в евро Служебна бележка Служебен тип на артикула
  Не е изгубен Universal Decimal Classification Не е повреден без рестрикции ползва се в читалня 54304 Регионална библиотека "Любен Каравелов" Русе Регионална библиотека "Любен Каравелов" Русе Хранилище 2001-06-03 Хранилище 10.00 665638 Цб 209027 120000665638 1 5.11 Дост: Dp Вид: Д N: 23 Дата: 30.05.2001 Книги
  Не е изгубен Universal Decimal Classification Не е повреден без рестрикции ползва се в читалня 54305 Регионална библиотека "Любен Каравелов" Русе Регионална библиотека "Любен Каравелов" Русе Читалня 2001-11-27 Читалня 10.00 668304 Ч 347(497.2)/В 70 120000668304 2 5.11 Дост: Pk Вид: Ф N: 6566 Дата: 27.11.2001 Дата инв: 14.03.2017 Бележки инв: Ч2017 Книги
Vip Innovations Ltd, Rousse, Bulgaria 2025